00000000nam##2200000za#4500
0019.617449
003CaOODSP
00520210615102204
007ta
008150406|2005||||xxc|||||     f|0| 0 eng|d
022 |a0706-6457
040 |aCaOODSP|beng
043 |an-cn---
0861 |aFs97-6/2580E
1101 |aCanada. |bDepartment of Fisheries and Oceans.
24510|aEvaluation of alternate analytical procedures and variance components for Strait of Georgia creel census catch and effort data / |cby J. Korman, D.A. Nagtegaal, and K. Hein.
260 |aNanaimo - British Columbia : |bFisheries and Oceans Canada |c2005.
300 |axii, 54p. : |bcoloured figs., references, tables ; |c28 cm.
4901 |aCanadian technical report of fisheries and aquatic sciences|x0706-6457|v2580
500 |aOn cover: Fisheries and Oceans Canada, Science Branch, Pacific Region, Pacific Biological Station, Nanaimo, British Columbia V9T 6N7.
5203 |aThis report is part of a series containing scientific and technical information that widens existing scientific knowledge but is not considered appropriate for publication in the primary literature. The research covers such subjects as ecosystem models, methods for enhancing aquaculture, commercial fishing equipment, and environmental threats to aquatic quality and fisheries resources. Includes tables, graphs, and charts.
546 |a(Résumé en français.)
563 |aSoftcover
590 |a05-30|b2005-07-29
69007|aFish|2gcpds
69007|aFisheries|2gcpds
7201 |aNagtegaal, D. A.
7201 |aHein, K.
7201 |aKorman, J.
7760#|tEvaluation of alternate analytical procedures and variance components for Strait of Georgia creel census catch and effort data / |w(CaOODSP)9.574174
830#0|aCanadian technical report of fisheries and aquatic sciences,|x0706-6457|v2580|w(CaOODSP)9.514691